000 00707cam a22002533a 4500
001 10976
003 PGUSA
005 20140828083231.0
008 040201s2004||||xxu|||||s|||||000 | eng d
040 _aPGUSA
_beng
042 _adc
050 4 _aPZ
100 1 _aUnknown
245 1 4 _aThe Apricot Tree
_h[electronic resource] /
_cUnknown
260 _bProject Gutenberg,
_c2004
506 _aPublic domain in the USA.
516 _aElectronic text
653 _aKindness -- Juvenile literature
653 _aChristian life -- Juvenile literature
653 _aTheft -- Juvenile literature
830 0 _aProject Gutenberg
_v10976
856 4 0 _uhttp://www.gutenberg.org/ebooks/10976
942 _cEB
999 _c240231
_d240231